| 000 | 00683nam a22001577a 4500 | ||
|---|---|---|---|
| 003 | OSt | ||
| 005 | 20150928182814.0 | ||
| 008 | 150928b xxu||||| |||| 00| 0 eng d | ||
| 040 | _cRUA | ||
| 082 | _aAGR OUE B059 Or.1 | ||
| 100 |
_91528 _aOUEN NIN |
||
| 245 | _aTomato production in off season on the farmers field kien svay district kandal province, (ផលិតកម្មដំណាំប៉េងប៉ោះខុសរដូវ លើចំការកសិករក្នុងល្ខខ័ណ្ឌ ស្រុកកៀនស្វាយ ខេត្តកណ្ដាល) | ||
| 260 |
_aphnom penh _bRUA _c2003 |
||
| 300 |
_a58p. _bill. _c29cm. |
||
| 942 |
_2ddc _cAGR |
||
| 999 |
_c1438 _d1438 |
||